[Event "HUN-chT2 Szechenyi 1718"]
[Site "Hungary"]
[Date "2018.03.25"]
[Round "8.3"]
[White "Kislik, Erik Andrew"]
[Black "Szabo, Balazs1111"]
[Result "1-0"]
[WhiteElo "2343"]
[BlackElo "1919"]
[PlyCount "63"]
[EventDate "2017.10.29"]
[EventType "team-tourn"]
[EventRounds "9"]
[EventCountry "HUN"]
[SourceTitle "EXT 2021"]
[Source "ChessBase"]
[SourceDate "2020.10.23"]
[SourceVersion "1"]
[SourceVersionDate "2020.10.23"]
[SourceQuality "1"]
[WhiteTeam "Ajka Banyasz"]
[BlackTeam "Veszprem Ezust Huszar"]
[WhiteTeamCountry "HUN"]
[BlackTeamCountry "HUN"]

1. d4 d5 2. c4 dxc4 3. e4 e5 4. Nf3 exd4 5. Bxc4 Nc6 6. 0-0 Be7 7. e5 Be6 8. Bb5 Bg4 9. h3 Bxf3 10. Qxf3 Qd7 11. Rd1 Bc5 12. b4 Bb6 13. Na3 Nge7 14. Nc4 Qd5 15. Qxd5 Nxd5 16. Nxb6 axb6 17. Rxd4 Nc3 18. Bxc6+ bxc6 19. Rd2 Nd5 20. b5 Ne7 21. bxc6 Nxc6 22. Rc2 Kd7 23. Bf4 Ra4 24. e6+ fxe6 25. Rd1+ Rd4 26. Rxd4+ Nxd4 27. Rxc7+ Kd8 28. Ra7 Re8 29. Bc7+ Kc8 30. Bxb6 Nf5 31. g4 Ne7 32. Bc5 1-0

[Event "HUN-chT2 Szechenyi 1617"]
[Site "Hungary"]
[Date "2016.09.25"]
[Round "1.1"]
[White "Kislik, Erik Andrew"]
[Black "Toth, Bela"]
[Result "0-1"]
[WhiteElo "2346"]
[BlackElo "2350"]
[PlyCount "78"]
[EventDate "2016.09.25"]
[EventType "team-tourn"]
[EventRounds "11"]
[EventCountry "HUN"]
[SourceTitle "EXT 2021"]
[Source "ChessBase"]
[SourceDate "2020.10.23"]
[SourceVersion "1"]
[SourceVersionDate "2020.10.23"]
[SourceQuality "1"]
[WhiteTeam "Ajka Banyasz"]
[BlackTeam "Ajka ASSE"]
[WhiteTeamCountry "HUN"]
[BlackTeamCountry "HUN"]

1. d4 Nf6 2. c4 e6 3. g3 d5 4. Bg2 Bb4+ 5. Nd2 0-0 6. Ngf3 dxc4 7. 0-0 c3 8. bxc3 Bxc3 9. Rb1 Nc6 10. e3 Bxd2 11. Qxd2 Re8 12. Rd1 Rb8 13. Qc2 Nd5 14. e4 Nde7 15. Bb2 f6 16. h4 a5 17. a3 Na7 18. Bc3 c6 19. Qd2 a4 20. Qc2 Nb5 21. Bb4 Ra8 22. Bf1 Bd7 23. Qa2 Kh8 24. d5 exd5 25. exd5 Qc8 26. Bxb5 cxb5 27. Rbc1 Qd8 28. Nd4 Nf5 29. Ne6 Bxe6 30. dxe6 Qb6 31. Re1 Nd4 32. Bc5 Nf3+ 33. Kf1 Qc6 34. Bb4 Qb6 35. Bc5 Qa6 36. Re3 Ne5 37. Qe2 Nc4 38. Re4 Qc6 39. Bb4 f5 0-1

[Event "HUN-chT2 Szechenyi 1516"]
[Site "Hungary"]
[Date "2016.02.28"]
[Round "8.1"]
[White "Fendrik, Lajos"]
[Black "Kislik, Erik Andrew"]
[Result "1-0"]
[WhiteElo "2146"]
[BlackElo "2367"]
[PlyCount "101"]
[EventDate "2015.09.13"]
[EventType "team-tourn"]
[EventRounds "11"]
[EventCountry "HUN"]
[SourceTitle "EXT 2017"]
[Source "ChessBase"]
[SourceDate "2016.10.25"]
[SourceVersion "1"]
[SourceVersionDate "2016.10.25"]
[SourceQuality "1"]
[WhiteTeam "Zala Volan"]
[BlackTeam "Ajka Banyasz"]
[WhiteTeamCountry "HUN"]
[BlackTeamCountry "HUN"]

1. e4 c5 2. Nc3 d6 3. f4 Nc6 4. Nf3 g6 5. Bb5 Bd7 6. 0-0 Bg7 7. d3 a6 8. Bxc6 Bxc6 9. Qe1 Qd7 10. a4 e6 11. Be3 b6 12. d4 Ne7 13. a5 cxd4 14. Bxd4 Bxd4+ 15. Nxd4 b5 16. Kh1 0-0 17. Qh4 f6 18. Rae1 Bb7 19. Qh3 f5 20. Nf3 Nc6 21. exf5 gxf5 22. Ng5 Rf6 23. Rf2 h6 24. Nf3 Nxa5 25. Rd1 b4 26. Ne2 Rc8 27. Ng3 Bd5 28. Nh5 Rff8 29. Nh4 Qf7 30. Ng3 Nc4 31. Rxd5 exd5 32. Nhxf5 Qh7 33. Nxh6+ Kg7 34. Nh5+ Kh8 35. Nf6 Qg6 36. f5 Qxf6 37. Ng4+ Kg7 38. Nxf6 Rxf6 39. Qg4+ Kh7 40. Qd4 Re8 41. h3 Re5 42. Qa7+ Kg8 43. Qd4 a5 44. g4 Rh6 45. Kh2 Ne3 46. Qf4 Rh7 47. Qg5+ Kf8 48. Qf6+ Kg8 49. Qd8+ Kf7 50. Kg3 Nd1 51. Rf3 1-0

[Event "HUN-chT2 Szechenyi 1516"]
[Site "Hungary"]
[Date "2015.12.06"]
[Round "6.1"]
[White "Szelenyi, Norbert"]
[Black "Kislik, Erik Andrew"]
[Result "1/2-1/2"]
[WhiteElo "2353"]
[BlackElo "2367"]
[PlyCount "20"]
[EventDate "2015.09.13"]
[EventType "team-tourn"]
[EventRounds "11"]
[EventCountry "HUN"]
[SourceTitle "CBM 170 Extra"]
[Source "ChessBase"]
[SourceDate "2016.02.25"]
[SourceVersion "1"]
[SourceVersionDate "2016.02.25"]
[SourceQuality "1"]
[WhiteTeam "Ezust Huszar"]
[BlackTeam "Ajka Banyasz"]
[WhiteTeamCountry "HUN"]
[BlackTeamCountry "HUN"]

1. g3 e5 2. c4 Nf6 3. Bg2 d5 4. cxd5 Nxd5 5. Nc3 Nb6 6. Nf3 Nc6 7. d3 Be7 8. b3 0-0 9. 0-0 Be6 10. Bb2 Qd7 1/2-1/2

[Event "Budapest Sarkany GM 5th"]
[Site "Budapest"]
[Date "2014.08.18"]
[Round "3"]
[White "Mihok, Oliver"]
[Black "Kislik, Erik Andrew"]
[Result "1/2-1/2"]
[WhiteElo "2455"]
[BlackElo "2362"]
[PlyCount "134"]
[EventDate "2014.08.16"]
[EventType "tourn"]
[EventRounds "9"]
[EventCountry "HUN"]
[EventCategory "8"]
[SourceTitle "CBM 161 Extra"]
[Source "ChessBase"]
[SourceDate "2014.08.29"]
[SourceVersion "1"]
[SourceVersionDate "2014.08.29"]
[SourceQuality "1"]

1. e4 e5 2. Nf3 Nc6 3. Bb5 a6 4. Ba4 Nf6 5. 0-0 Be7 6. Re1 b5 7. Bb3 d6 8. c3 0-0 9. h3 Bb7 10. d4 Re8 11. Ng5 Rf8 12. Nf3 Re8 13. Nbd2 exd4 14. cxd4 Na5 15. Bc2 Nd7 16. b3 Bf6 17. Bb2 c5 18. e5 dxe5 19. dxe5 Be7 20. Ne4 Nf8 21. Qe2 Qb6 22. Nfg5 Bxe4 23. Nxe4 Nc6 24. Qg4 Nd4 25. Bd3 Rad8 26. Rad1 Ng6 27. Ng5 Bxg5 28. Qxg5 Rxe5 29. Rxe5 f6 30. Re8+ Rxe8 31. Qd5+ Ne6 32. Bf5 Ngf8 33. Re1 Kf7 34. Bg4 g6 35. Re3 Re7 36. h4 Qd8 37. Qc6 f5 38. Bf3 Qd2 39. Re2 Qd1+ 40. Kh2 Qd7 41. Qxa6 Nd4 42. Rxe7+ Kxe7 43. Ba8 Nfe6 44. g3 f4 45. Bg2 fxg3+ 46. fxg3 Nf5 47. Qb7 Qxb7 48. Bxb7 b4 49. Kg2 Kd6 50. Kf2 Ned4 51. Ba6 Ke5 52. Bd3 Nh6 53. Bc1 Ng4+ 54. Kg2 Nf5 55. Kf3 Nh2+ 56. Kg2 Ng4 57. Be2 Nge3+ 58. Kf2 Nd5 59. a4 bxa3 60. Bxa3 Nf6 61. Bb2+ Nd4 62. Ke3 Ne4 63. Bd3 Nxg3 64. b4 Kd5 65. bxc5 Ngf5+ 66. Kf4 Nxh4 67. Bxd4 Kxd4 1/2-1/2

[Event "Budapest Sarkany GM 5th"]
[Site "Budapest"]
[Date "2014.08.17"]
[Round "2"]
[White "Kislik, Erik Andrew"]
[Black "Hera, Imre Jr"]
[Result "0-1"]
[WhiteElo "2362"]
[BlackElo "2566"]
[PlyCount "102"]
[EventDate "2014.08.16"]
[EventType "tourn"]
[EventRounds "9"]
[EventCountry "HUN"]
[EventCategory "8"]
[SourceTitle "CBM 161 Extra"]
[Source "ChessBase"]
[SourceDate "2014.08.29"]
[SourceVersion "1"]
[SourceVersionDate "2014.08.29"]
[SourceQuality "1"]

1. d4 d5 2. c4 dxc4 3. e3 Nf6 4. Bxc4 e6 5. Nf3 a6 6. 0-0 b5 7. Be2 Bb7 8. a4 b4 9. Nbd2 Nbd7 10. b3 c5 11. Bb2 Be7 12. Rc1 0-0 13. Rc2 Rc8 14. Qb1 cxd4 15. Rxc8 Qxc8 16. Rc1 Qa8 17. Bxd4 Nd5 18. e4 Nf4 19. Bf1 Nf6 20. Re1 Rd8 21. g3 Ng6 22. Bg2 a5 23. h4 h5 24. Qc2 Rc8 25. Qb1 Rd8 26. Qc2 Rd7 27. Bb2 Ng4 28. Nh2 N4e5 29. Bf1 Qd8 30. Nc4 Nxc4 31. Qxc4 Rd2 32. Re2 Rd1 33. Nf3 Qa8 34. Qc2 Rd8 35. Nd2 Qa7 36. Nc4 Bc5 37. Bg2 Ba6 38. Bf3 Bd4 39. Rd2 Bxc4 40. bxc4 Ne5 41. Bxh5 b3 42. Qd1 Bxf2+ 43. Kg2 Rxd2 44. Qxd2 Nxc4 45. Qc3 Nxb2 46. Qxb2 Qe3 47. Bf3 Qe1 48. Kh3 Qf1+ 49. Bg2 Qd3 50. Qxf2 Qc2 51. Qd4 b2 0-1

[Event "HUN-chT2 Szechenyi 1314"]
[Site "Hungary"]
[Date "2014.02.16"]
[Round "7.1"]
[White "Kislik, Erik Andrew"]
[Black "Fendrik, Lajos"]
[Result "1-0"]
[WhiteElo "2368"]
[BlackElo "2190"]
[PlyCount "69"]
[EventDate "2013.09.08"]
[EventType "team-tourn"]
[EventRounds "11"]
[EventCountry "HUN"]
[SourceTitle "EXT 2016"]
[Source "ChessBase"]
[SourceDate "2015.10.08"]
[SourceVersion "1"]
[SourceVersionDate "2015.10.08"]
[SourceQuality "1"]
[WhiteTeam "Ajka Banyasz"]
[BlackTeam "Zala Volan"]
[WhiteTeamCountry "HUN"]
[BlackTeamCountry "HUN"]

1. d4 Nc6 2. e4 e5 3. dxe5 Nxe5 4. Nf3 Nxf3+ 5. Qxf3 Nf6 6. Bc4 Bd6 7. 0-0 0-0 8. Nc3 Be5 9. Bg5 h6 10. Bh4 d6 11. Rfe1 Be6 12. Bb3 Qd7 13. h3 Rfe8 14. Rad1 Bxb3 15. axb3 Qc6 16. Re3 b5 17. Bxf6 Bxf6 18. Nd5 Be5 19. c3 Qb7 20. Ree1 a5 21. Qg4 c6 22. Ne3 g6 23. Nf5 Kh7 24. Nxd6 Bxd6 25. Rxd6 Re7 26. Red1 Rae8 27. Rd7 Qb8 28. R1d6 Kg7 29. Qf4 Rxd7 30. Qf6+ Kg8 31. Rxd7 Rf8 32. e5 Qe8 33. Re7 Qd8 34. e6 Qd1+ 35. Kh2 1-0

[Event "Budapest FS11 IM"]
[Site "Budapest"]
[Date "2013.11.13"]
[Round "11"]
[White "Kislik, Erik Andrew"]
[Black "Lyell, Mark"]
[Result "1-0"]
[WhiteElo "2376"]
[BlackElo "2274"]
[PlyCount "79"]
[EventDate "2013.11.02"]
[EventType "tourn"]
[EventRounds "11"]
[EventCountry "HUN"]
[EventCategory "2"]
[SourceTitle "EXT 2015"]
[Source "ChessBase"]
[SourceDate "2014.11.20"]
[SourceVersion "1"]
[SourceVersionDate "2014.11.20"]
[SourceQuality "1"]

1. d4 f5 2. g3 Nf6 3. Bg2 g6 4. c4 Bg7 5. Nf3 0-0 6. 0-0 d6 7. Nc3 e6 8. Qb3 Nc6 9. Rd1 Ne4 10. Be3 Nxc3 11. Qxc3 Qe8 12. Qb3 e5 13. c5+ Kh8 14. cxd6 f4 15. gxf4 exf4 16. Bd2 cxd6 17. Bc3 Qe7 18. d5 Ne5 19. Rac1 Bg4 20. Nxe5 dxe5 21. f3 Bf5 22. Bb4 Qg5 23. Bxf8 Bh3 24. Bxg7+ Kxg7 25. Kf2 Qxg2+ 26. Ke1 Re8 27. Rc7+ Kh6 28. Qc3 e4 29. Qf6 Qg1+ 30. Kd2 Qe3+ 31. Kc2 Qxe2+ 32. Rd2 Qxf3 33. Qh4+ Qh5 34. Qxf4+ g5 35. Qf6+ Qg6 36. Qxg6+ Kxg6 37. Rxb7 e3 38. Re2 Bg4 39. Re1 Bf3 40. Rb3 1-0

[Event "Budapest FS11 IM"]
[Site "Budapest"]
[Date "2013.11.09"]
[Round "7"]
[White "Kislik, Erik Andrew"]
[Black "Matsenko, Andrei"]
[Result "1-0"]
[WhiteElo "2376"]
[BlackElo "2269"]
[PlyCount "109"]
[EventDate "2013.11.02"]
[EventType "tourn"]
[EventRounds "11"]
[EventCountry "HUN"]
[EventCategory "2"]
[SourceTitle "EXT 2015"]
[Source "ChessBase"]
[SourceDate "2014.11.20"]
[SourceVersion "1"]
[SourceVersionDate "2014.11.20"]
[SourceQuality "1"]

1. d4 d5 2. c4 c6 3. Nf3 Nf6 4. Nc3 e6 5. Bg5 h6 6. Bxf6 Qxf6 7. e3 Nd7 8. Bd3 g6 9. 0-0 Bg7 10. e4 dxc4 11. e5 Qe7 12. Bxc4 0-0 13. Re1 Nb6 14. Bd3 Bd7 15. Ne4 Rfd8 16. Rc1 Be8 17. Bb1 Nd5 18. Qc2 a5 19. h4 h5 20. a3 Rac8 21. g3 b6 22. Ba2 Nc7 23. Qe2 Nb5 24. Qe3 Nc7 25. Red1 Nd5 26. Qe2 Nc7 27. Kh2 Nd5 28. Bc4 Nc7 29. Nfg5 Nd5 30. Qf3 Rc7 31. Nd6 Bh6 32. Qb3 a4 33. Qc2 Bxg5 34. hxg5 Rxd6 35. exd6 Qxd6 36. Qxa4 Ne7 37. Qb4 Qxb4 38. axb4 Rb7 39. Ra1 b5 40. Bb3 Kf8 41. Kg2 Nf5 42. Bc2 Nd6 43. b3 Ke7 44. Kf3 Bd7 45. Kf4 Nc8 46. Be4 Kd6 47. Rdc1 Rb8 48. Ke3 Nb6 49. Ra7 Be8 50. Rca1 Bd7 51. Kd2 Be8 52. Re1 Nc8 53. Ra6 Bd7 54. Re3 Be8 55. d5 1-0

[Event "Budapest FS11 IM"]
[Site "Budapest"]
[Date "2013.11.07"]
[Round "5"]
[White "Kislik, Erik Andrew"]
[Black "Nguyen, Thi Mai Hung"]
[Result "1/2-1/2"]
[WhiteElo "2376"]
[BlackElo "2204"]
[PlyCount "43"]
[EventDate "2013.11.02"]
[EventType "tourn"]
[EventRounds "11"]
[EventCountry "HUN"]
[EventCategory "2"]
[SourceTitle "EXT 2015"]
[Source "ChessBase"]
[SourceDate "2014.11.20"]
[SourceVersion "1"]
[SourceVersionDate "2014.11.20"]
[SourceQuality "1"]

1. d4 d5 2. c4 c6 3. Nf3 Nf6 4. Nc3 e6 5. Bg5 Nbd7 6. e3 Be7 7. Bd3 0-0 8. 0-0 h6 9. Bh4 b6 10. Rc1 Bb7 11. Qe2 c5 12. Rfd1 Ne4 13. Bxe7 Qxe7 14. cxd5 exd5 15. Ba6 Ndf6 16. Bxb7 Qxb7 17. dxc5 bxc5 18. Nxe4 Nxe4 19. Nh4 g6 20. f3 Nf6 21. g3 Rac8 22. Ng2 1/2-1/2

[Event "Budapest FS10 IM"]
[Site "Budapest"]
[Date "2013.10.09"]
[Round "5"]
[White "To, Nhat Minh"]
[Black "Kislik, Erik Andrew"]
[Result "1/2-1/2"]
[WhiteElo "2334"]
[BlackElo "2381"]
[PlyCount "84"]
[EventDate "2013.10.05"]
[EventType "tourn"]
[EventRounds "9"]
[EventCountry "HUN"]
[EventCategory "2"]
[SourceTitle "EXT 2014"]
[Source "ChessBase"]
[SourceDate "2013.11.20"]
[SourceVersion "1"]
[SourceVersionDate "2013.11.20"]
[SourceQuality "1"]

1. c4 e5 2. g3 Nf6 3. Bg2 d5 4. cxd5 Nxd5 5. Nc3 Nb6 6. Nf3 Nc6 7. 0-0 Be7 8. a3 0-0 9. b4 Be6 10. Rb1 f6 11. d3 Qc8 12. Be3 Rd8 13. Qc2 Nd5 14. Nxd5 Bxd5 15. Rfc1 Bd6 16. Ng5 Ne7 17. Ne4 Qe6 18. d4 exd4 19. Bxd4 c6 20. Nxd6 Rxd6 21. Bc5 Bxg2 22. Bxd6 Be4 23. Qb3 Nd5 24. Rb2 Qxd6 25. f3 Re8 26. fxe4 Rxe4 27. b5 Re3 28. Qc4 Qe5 29. bxc6 bxc6 30. Qxc6 Qd4 31. Kf1 Re7 32. Rb8+ Kf7 33. Rb7 Qe4 34. Rxe7+ Kxe7 35. Qb7+ Ke6 36. Rc6+ Ke5 37. Qb8+ Kf5 38. Rc5 Qh1+ 39. Kf2 Qxh2+ 40. Kf1 Qh1+ 41. Kf2 Qh2+ 42. Kf1 Qh1+ 1/2-1/2

[Event "Budapest FS10 IM"]
[Site "Budapest"]
[Date "2013.10.05"]
[Round "1"]
[White "Balint, Vilmos"]
[Black "Kislik, Erik Andrew"]
[Result "0-1"]
[WhiteElo "2248"]
[BlackElo "2381"]
[PlyCount "62"]
[EventDate "2013.10.05"]
[EventType "tourn"]
[EventRounds "9"]
[EventCountry "HUN"]
[EventCategory "2"]
[SourceTitle "EXT 2014"]
[Source "ChessBase"]
[SourceDate "2013.11.20"]
[SourceVersion "1"]
[SourceVersionDate "2013.11.20"]
[SourceQuality "1"]

1. e4 e5 2. f4 exf4 3. Nf3 g5 4. h4 g4 5. Ne5 Qe7 6. Nxg4 Qxe4+ 7. Qe2 Qe7 8. d4 d6 9. Qxe7+ Bxe7 10. Bb5+ Nc6 11. Nf2 a6 12. Bxc6+ bxc6 13. Bxf4 Nf6 14. Nc3 Be6 15. 0-0-0 Kd7 16. Nfe4 Nxe4 17. Nxe4 Bd5 18. Rde1 Rae8 19. Kd1 f5 20. Nd2 Bxg2 21. Rhg1 Bxh4 22. Rxe8 Rxe8 23. Nc4 Rg8 24. Kd2 Bf2 25. Rb1 Bxd4 26. c3 Be4 27. Re1 Rg2+ 28. Kc1 Bf2 29. Rh1 Rg1+ 30. Rxg1 Bxg1 31. Ne3 h5 0-1

[Event "Budapest FS09 GM"]
[Site "Budapest"]
[Date "2013.09.15"]
[Round "7"]
[White "Kislik, Erik Andrew"]
[Black "Camarena Gimenez, Rufino"]
[Result "1/2-1/2"]
[WhiteElo "2368"]
[BlackElo "2354"]
[PlyCount "27"]
[EventDate "2013.09.07"]
[EventType "tourn"]
[EventRounds "9"]
[EventCountry "HUN"]
[EventCategory "7"]
[SourceTitle "CBM 156 Extra"]
[Source "ChessBase"]
[SourceDate "2013.10.22"]
[SourceVersion "1"]
[SourceVersionDate "2013.10.22"]
[SourceQuality "1"]

1. d4 Nf6 2. c4 g6 3. f3 Bg7 4. e4 d6 5. Ne2 0-0 6. Nbc3 c6 7. Be3 a6 8. c5 Nbd7 9. cxd6 exd6 10. Nf4 d5 11. e5 Ne8 12. Qd2 Nc7 13. 0-0-0 f6 14. exf6 1/2-1/2

[Event "Jirasek Memorial 25th"]
[Site "Rakovnik"]
[Date "2013.08.17"]
[Round "9"]
[White "Kislik, Erik Andrew"]
[Black "Velicka, Petr"]
[Result "1/2-1/2"]
[WhiteElo "2352"]
[BlackElo "2421"]
[PlyCount "27"]
[EventDate "2013.08.10"]
[EventType "tourn"]
[EventRounds "9"]
[EventCountry "CZE"]
[EventCategory "8"]
[SourceTitle "EXT 2014"]
[Source "ChessBase"]
[SourceDate "2013.11.20"]
[SourceVersion "1"]
[SourceVersionDate "2013.11.20"]
[SourceQuality "1"]

1. d4 d5 2. c4 c6 3. Nc3 Nf6 4. cxd5 cxd5 5. Bf4 Nc6 6. e3 Bf5 7. Qb3 Na5 8. Qa4+ Bd7 9. Qc2 Rc8 10. Nf3 e6 11. Bd3 Be7 12. h3 a6 13. 0-0 Bb5 14. Qe2 1/2-1/2